Top estate agency websites (Record no. 71139)

MARC details
000 -LEADER
fixed length control field 00721cam a2200205 4500
001 - CONTROL NUMBER
control field WB3833-15
008 - FIXED-LENGTH DATA ELEMENTS--GENERAL INFORMATION
fixed length control field 020911n2002 000 0 eng u
035 ## - SYSTEM CONTROL NUMBER
System control number (Sirsi) u119668
245 ## - TITLE STATEMENT
Title Top estate agency websites
260 ## - PUBLICATION, DISTRIBUTION, ETC.
Date of publication, distribution, etc. 2002
490 ## - SERIES STATEMENT
Series statement Estate Agency News
Volume/sequential designation September 2002, 13(1)
520 ## - SUMMARY, ETC.
Summary, etc. New survey by media research specialists Nielsen ranks UK estate agency portals by number of unique users and time on site. The top four sites are rightmove.co.uk, assertahome.co.uk, primelocation.co.uk and propertyfinder.co.uk.
590 ## - LOCAL NOTE (RLIN)
Local note WB
650 ## - SUBJECT ADDED ENTRY--TOPICAL TERM
Topical term or geographic name entry element ESTATE AGENCIES
650 ## - SUBJECT ADDED ENTRY--TOPICAL TERM
Topical term or geographic name entry element RANKINGS
650 ## - SUBJECT ADDED ENTRY--TOPICAL TERM
Topical term or geographic name entry element PORTALS
650 ## - SUBJECT ADDED ENTRY--TOPICAL TERM
Topical term or geographic name entry element WEBSITES
690 ## - LOCAL SUBJECT ADDED ENTRY--TOPICAL TERM (OCLC, RLIN)
Topical term or geographic name as entry element INFORMATION TECHNOLOGY-INTERNET
942 ## - ADDED ENTRY ELEMENTS (KOHA)
Suppress in OPAC 0
Holdings
Withdrawn status Lost status Source of classification or shelving scheme Damaged status Not for loan Home library Current library Shelving location Date acquired Total Checkouts Full call number Barcode Date last seen Copy number Price effective from Koha item type
    Dewey Decimal Classification     London London News article 11/09/2002   WB3833-15 119668-1001 06/08/2019 1 06/08/2019 News article